Jazyk staroslověnský

Bibliographic Details
Main Author: Kurz, Josef (Author)
Format: Book
Language:Undetermined
PhysicalDescription:233 s.
Published: Praha Státní pedagogické nakladatelství 1969

MARC

LEADER 00000nam a2200000 a 4500
001 vtls001415301
003 SK-MaSNL
005 20260416165402.0
008 240314s1969 xx 0 und
035 |a SNK000370035 
040 |a SNK  |b slo  |c SNK  |e AACR2 
100 1 |a Kurz, Josef  |4 aut  |9 285923 
245 1 0 |a Jazyk staroslověnský 
260 |a Praha  |b Státní pedagogické nakladatelství  |c 1969 
300 |a 233 s. 
958 |a OND 
999 |c 984178  |d 986108 
952 |t P60, <04>, [BOOK], {604}  |a SNK  |b SNK  |y VYP  |7 0  |p 17A0304701  |o snkIB 21666 D1  |0 0  |1 1  |4 0  |d 2001-06-14  |l 0  |r 2005-01-02 00:00:00  |w 2026-02-24